|
|
|
|
| LEADER |
00000cam a2200000 7i4500 |
| 001 |
0000027308 |
| 005 |
20170220.0 |
| 008 |
170216 my a may |
| 040 |
|
|
|a INS
|b eng
|c INS
|e rda
|
| 090 |
0 |
0 |
|a VO317
|
| 110 |
1 |
|
|a Kursus asas penilaian bagi pegawai penilaian gred W41 dan penolong pegawai penilaian gred W27 - Modul 1 : Pengenalan ,
|d 2015 6 - 7 dan 10 Ogos
|c INSPEN, Bangi
|
| 245 |
0 |
0 |
|a Kursus asas penilaian bagi pegawai penilaian gred W41 dan penolong pegawai penilaian gred W27 - Modul 1 : Pengenalan :
|b 6 - 7 dan 10 Ogos 2015
|c Anjuran Pusat Penilaian dan Perkhidmatan Harta, INSPEN
|
| 264 |
|
0 |
|a Bangi :
|b Institut Penilaian Negara
|c 2015
|
| 300 |
|
|
|a 1 volume (Various pagings) :
|b illustration ;
|c 30 cm.
|
| 336 |
|
|
|a text
|2 rdacontent
|
| 337 |
|
|
|a unmediated
|2 rdamedia
|
| 338 |
|
|
|a volume
|2 rdacarrier
|
| 650 |
|
0 |
|a Valuation Officer
|x Training of
|
| 650 |
|
0 |
|a Valuation
|x Handbooks, manuals, etc.
|
| 710 |
1 |
|
|a INSPEN ( Institut Penilaian Negara )
|
| 999 |
|
|
|a VO00000858
|b BOOK
|c Course Notes
|e Default branch
|
| 999 |
|
|
|a VO00000859
|b BOOK
|c Course Notes
|e Default branch
|
| 999 |
|
|
|a VO00000948
|b BOOK
|c Course Notes
|e Default branch
|